000 00716nam a2200265Ia 4500
003 IT-RoPAU
005 20220918175719.0
008 120407s9999 xx 000 0 und d
040 _aIT-RoPAU
040 _cIT-RoPAU
041 _aita
100 _aAngelo Montonati
_935457
245 _aDue vite per la vita. La pianificazione naturale delle nascite con il Metodo dell’Ovulazione. Intervista di Angelo Montonati
250 _aCinisello Balsamo
260 _aSan Paolo Edizioni
260 _c1998
300 _a158 p.
300 _c20 cm
490 _aInterviste Verità
490 _v117
700 _aLyn Billings
_935458
700 _aJohn Billings
_935459
942 _cBK
_2ddc
999 _c26438
_d26438